Tours papazı / (Kayıt no. 13843)

MARC ayrıntıları
000 -BAŞLIK
Sabit Uzunlukta Kontrol Alanı 00622nam a22002057a 4500
999 ## - SİSTEM KONTROL NUMARALARI (KOHA)
Koha Biblionumber 13843
Koha Biblioitemnumber 13843
003 - KONTROL NUMARASI IDENTIFIER
Denetim Alanı MIRAKIL
005 - SON İŞLEM TARİHİ VE ZAMANI
Denetim Alanı 20200611125909.0
008 - SABİT-BOY VERİ ELEMANLARI - GENEL BİLGİLER
Sabit Uzunlukta Kontrol Alanı 200611b tu ||||| |||| 00| 0 tur d
040 ## - KATALOGLAMA KAYNAK
Orijinal Kataloglama Ajansı TR-AnCHP
Metne Dönüştürmek Ajansı TR-AnCHP
041 ## - DİL KODU
Metin / Ses Parça Veya Ayrı Başlığın Dil Kodu tur
082 ## - DEWEY ONLU SINIFLANDIRMA NUMARASI
Sınıflandırma Numarası 843.7
Ürün Numarası B24t 1999
100 ## - ANA GİRİŞ - KİŞİSEL İSİM
Kişisel Ad Balzac, Honoré de
245 10 - BAŞLIK TABLOSU
Başlık Tours papazı /
Sorumluluk Tablosu, Vb H. de Balzac ; çeviren Mebrure Alevok
260 ## - YAYIN, DAĞITIM, VB
Yayın, Dağıtım, Vb Yeri [İstanbul] :
Yayıncı, Dağıtıcı, Vs Adı Cumhuriyet,
Yayın, Dağıtım, Vb Tarihi 1999.
Üretici Firma Çağdaş Matbaacılık.
300 ## - FİZİKSEL TANIM
Kapsam 144 s.:
Boyutlar 18 sm.
490 0# - SERİSİ TABLOSU
Seri Beyanı Dünya Klasikleri Dizisi ;
Hacim / Ardışık Tanımı 48.
650 #0 - KONU KATMA GİRİŞ - TOPİKAL DÖNEM
9 (RLIN) 5051
Topikal Süreli Veya Coğrafi Ad Giriş Elemanı Fransız Edebiyatı
Genel Alt Bölümü Roman
700 ## - KATMA GİRİŞ - KİŞİSEL İSİM
9 (RLIN) 6333
Kişisel Ad Alevok, Mebrure
942 ## - EKLENDİ GİRİŞ ELEMANLARI (KOHA)
Sınıflandırma Veya Raf Düzeni Kaynak Dewey Decimal Classification
Koha Öğesi Türü Kitaplar
Mevcut
Kalıcı Konum Mevcut Konum Edinme Tarihi Toplam Check-Out'Lar Tam Çağrı Numarası Barkod Tarih Son Görülme İtibaren Geçerli Fiyatlar Koha Öğesi Türü
CHP Kütüphanesi CHP Kütüphanesi 06/11/2020   843.7 B24t 1999 013576 06/11/2020 06/11/2020 Kitaplar